[Event "Oberliga Ost-A 1213"]
[Site "Germany"]
[Date "2013.02.03"]
[Round "7.5"]
[White "Kunze, Christopher"]
[Black "Schoetzig, Andreas"]
[Result "1/2-1/2"]
[WhiteElo "2047"]
[BlackElo "2195"]
[PlyCount "31"]
[EventDate "2012.10.14"]
[EventType "team-tourn"]
[EventRounds "11"]
[EventCountry "GER"]
[SourceTitle "EXT 2014"]
[Source "ChessBase"]
[SourceDate "2013.11.20"]
[SourceVersion "1"]
[SourceVersionDate "2013.11.20"]
[SourceQuality "1"]
[WhiteTeam "Dresden Gruen Weiss"]
[BlackTeam "Leipzig SG III"]
[WhiteTeamCountry "GER"]
[BlackTeamCountry "GER"]

1. e4 d5 2. exd5 Nf6 3. Bb5+ Bd7 4. Be2 Nxd5 5. d4 e6 6. a3 c5 7. c4 Nf6 8. Nf3 cxd4 9. Nxd4 Nc6 10. 0-0 Be7 11. Nc3 0-0 12. Be3 e5 13. Nxc6 Bxc6 14. b4 b6 15. Qxd8 Rfxd8 16. Rfd1 1/2-1/2

[Event "Oberliga Ost-A 1112"]
[Site "Germany"]
[Date "2012.01.15"]
[Round "7.5"]
[White "Paul, Johannes"]
[Black "Schoetzig, Andreas"]
[Result "1-0"]
[WhiteElo "2195"]
[BlackElo "2216"]
[PlyCount "113"]
[EventDate "2011.09.25"]
[EventType "team-tourn"]
[EventRounds "11"]
[EventCountry "GER"]
[SourceTitle "EXT 2013"]
[Source "ChessBase"]
[SourceDate "2012.11.22"]
[SourceVersion "1"]
[SourceVersionDate "2012.11.22"]
[SourceQuality "1"]
[WhiteTeam "Magdeburg Aufbau Elbe"]
[BlackTeam "Leipzig SG III"]
[WhiteTeamCountry "GER"]
[BlackTeamCountry "GER"]

1. c4 e5 2. Nc3 Nf6 3. g3 Nc6 4. Bg2 Bc5 5. e3 d6 6. Nge2 0-0 7. 0-0 a6 8. a3 Rb8 9. d4 Ba7 10. b4 Qe7 11. Nd5 Nxd5 12. cxd5 Nd8 13. Qc2 b5 14. Bb2 Bb6 15. dxe5 dxe5 16. Qc3 Re8 17. Nc1 Nb7 18. a4 bxa4 19. Rxa4 Bd7 20. Ra2 Bb5 21. Rd1 Nd6 22. Nb3 Bc4 23. Bf1 Bxb3 24. Qxb3 a5 25. bxa5 Bxa5 26. Qc2 Bb6 27. Ra4 Qd7 28. Rda1 g6 29. h4 Qf5 30. Qe2 Bc5 31. Rc1 Bb6 32. Rca1 Bc5 33. Rc1 Bb6 34. Bg2 Ra8 35. Rca1 Rxa4 36. Rxa4 Rb8 37. Kh2 f6 38. Bh3 Qb1 39. Ra1 Qe4 40. Bg2 Qb4 41. Rc1 Qb5 42. Qxb5 Nxb5 43. g4 Re8 44. Rc6 Kf7 45. g5 fxg5 46. hxg5 Nd6 47. Kg3 Ba5 48. Bc3 Bb6 49. Bb4 Rd8 50. e4 Rd7 51. Bc3 Re7 52. f4 exf4+ 53. Kxf4 Bg1 54. Bf6 Bh2+ 55. Ke3 Bg1+ 56. Kd3 Rd7 57. e5 1-0

[Event "Oberliga Ost-A 1112"]
[Site "Germany"]
[Date "2012.01.14"]
[Round "6.5"]
[White "Schoetzig, Andreas"]
[Black "Seibicke, Ralf"]
[Result "1/2-1/2"]
[WhiteElo "2216"]
[BlackElo "2153"]
[PlyCount "92"]
[EventDate "2011.09.25"]
[EventType "team-tourn"]
[EventRounds "11"]
[EventCountry "GER"]
[SourceTitle "EXT 2013"]
[Source "ChessBase"]
[SourceDate "2012.11.22"]
[SourceVersion "1"]
[SourceVersionDate "2012.11.22"]
[SourceQuality "1"]
[WhiteTeam "Leipzig SG III"]
[BlackTeam "Magdeburg Rochade"]
[WhiteTeamCountry "GER"]
[BlackTeamCountry "GER"]

1. d4 Nf6 2. Nf3 g6 3. g3 Bg7 4. Bg2 0-0 5. 0-0 d6 6. Re1 Nbd7 7. e4 e5 8. dxe5 dxe5 9. Nc3 c6 10. h3 Qc7 11. Be3 Re8 12. a4 Nf8 13. Qe2 Ne6 14. Rad1 a5 15. Qd3 Nd7 16. Ng5 Nxg5 17. Bxg5 Nc5 18. Qd6 Qxd6 19. Rxd6 Ne6 20. Be3 Nd4 21. Bxd4 exd4 22. Ne2 Be5 23. Rxd4 Bxd4 24. Nxd4 Rd8 25. Nf3 Be6 26. Bf1 Rd7 27. Ng5 Rad8 28. Nxe6 fxe6 29. Bc4 Kf7 30. Re3 Rd4 31. b3 Ke7 32. Bd3 Rb8 33. f4 b5 34. axb5 cxb5 35. Re1 a4 36. bxa4 bxa4 37. Ra1 Ra8 38. Ra3 Kd6 39. Kf2 Kc5 40. Ke3 Rd7 41. c3 Rad8 42. Be2 Ra7 43. h4 h5 44. Bd3 Rad7 45. Be2 Ra7 46. Bd3 Rad7 1/2-1/2

[Event "Oberliga Ost-A 1011"]
[Site "Germany"]
[Date "2011.04.10"]
[Round "11.5"]
[White "Schoetzig, Andreas"]
[Black "Rohne, Lars"]
[Result "1/2-1/2"]
[WhiteElo "2217"]
[BlackElo "2106"]
[PlyCount "54"]
[EventDate "2010.10.24"]
[EventType "team-tourn"]
[EventRounds "11"]
[EventCountry "GER"]
[SourceTitle "EXT 2012"]
[Source "ChessBase"]
[SourceDate "2011.11.24"]
[SourceVersion "1"]
[SourceVersionDate "2011.11.24"]
[SourceQuality "1"]
[WhiteTeam "Leipzig Gohlis"]
[BlackTeam "Leipzig VfB"]
[WhiteTeamCountry "GER"]
[BlackTeamCountry "GER"]

1. e4 c5 2. Nc3 d6 3. f4 g6 4. Bc4 Bg7 5. Nf3 Nc6 6. d3 e6 7. f5 Nge7 8. fxe6 fxe6 9. 0-0 0-0 10. Bg5 h6 11. Bxe7 Qxe7 12. a4 Bd7 13. Qd2 Kh7 14. Ne2 Ne5 15. Nxe5 Bxe5 16. c3 Rxf1+ 17. Rxf1 Bg7 18. Bb3 Rf8 19. Rxf8 Qxf8 20. Qf4 Qe7 21. g3 b5 22. axb5 Bxb5 23. Qf3 Qf8 24. Qxf8 Bxf8 25. Nf4 e5 26. Ne6 Be7 27. Bc2 Bd7 1/2-1/2

[Event "Oberliga Ost-A 1011"]
[Site "Germany"]
[Date "2011.01.16"]
[Round "5.6"]
[White "Schoetzig, Andreas"]
[Black "Merker, Matthias"]
[Result "1/2-1/2"]
[WhiteElo "2217"]
[BlackElo "2121"]
[PlyCount "36"]
[EventDate "2010.10.24"]
[EventType "team-tourn"]
[EventRounds "11"]
[EventCountry "GER"]
[SourceTitle "EXT 2012"]
[Source "ChessBase"]
[SourceDate "2011.11.24"]
[SourceVersion "1"]
[SourceVersionDate "2011.11.24"]
[SourceQuality "1"]
[WhiteTeam "Leipzig Gohlis"]
[BlackTeam "Coswig"]
[WhiteTeamCountry "GER"]
[BlackTeamCountry "GER"]

1. e4 d5 2. exd5 Nf6 3. d4 Nxd5 4. Nf3 Bg4 5. h3 Bh5 6. g4 Bg6 7. Ne5 e6 8. Nxg6 hxg6 9. c4 Nb6 10. Be3 Nc6 11. Nc3 Bb4 12. a3 Bxc3+ 13. bxc3 Na5 14. Rb1 Qd7 15. c5 Nbc4 16. Bxc4 Nxc4 17. Qf3 Nxe3 18. fxe3 c6 1/2-1/2

[Event "Oberliga Ost-A 0809"]
[Site "Germany"]
[Date "2009.11.18"]
[Round "1.4"]
[White "Liedtke, Matthias"]
[Black "Schoetzig, Andreas"]
[Result "0-1"]
[WhiteElo "2347"]
[BlackElo "2208"]
[PlyCount "70"]
[EventDate "2008.10.12"]
[EventType "team-tourn"]
[EventRounds "11"]
[EventCountry "GER"]
[SourceTitle "EXT 2010"]
[Source "ChessBase"]
[SourceDate "2010.11.25"]
[SourceVersion "1"]
[SourceVersionDate "2010.11.25"]
[SourceQuality "1"]
[WhiteTeam "Leipzig Gohlis"]
[BlackTeam "Leipzig Gohlis II"]
[WhiteTeamCountry "GER"]
[BlackTeamCountry "GER"]

1. e4 e5 2. Nf3 Nc6 3. d4 exd4 4. Nxd4 Bc5 5. Be3 Qf6 6. c3 Nge7 7. Bc4 Qg6 8. 0-0 Ne5 9. Be2 Qxe4 10. Nd2 Qg6 11. f4 Bxd4 12. Bxd4 N5c6 13. f5 Qh6 14. Bxg7 Qxg7 15. f6 Qg5 16. fxe7 d5 17. Nf3 Qxe7 18. Bb5 Qc5+ 19. Nd4 Be6 20. Kh1 0-0-0 21. b4 Qxc3 22. Bxc6 bxc6 23. Rc1 Qxb4 24. Nxc6 Qe4 25. Re1 Qf4 26. Ne7+ Kb7 27. Qb3+ Ka8 28. Qb5 Rd6 29. Nc6 Bd7 30. h3 Qf2 31. Re7 Rg8 32. Re2 Rxc6 33. Rxc6 Qf1+ 34. Kh2 Rxg2+ 35. Rxg2 Qxb5 0-1

[Event "Oberliga Ost-A 0809"]
[Site "Germany"]
[Date "2009.03.29"]
[Round "11.4"]
[White "Schoetzig, Andreas"]
[Black "Volfl, Zdenek"]
[Result "0-1"]
[WhiteElo "2208"]
[BlackElo "2244"]
[PlyCount "100"]
[EventDate "2008.10.12"]
[EventType "team-tourn"]
[EventRounds "11"]
[EventCountry "GER"]
[SourceTitle "EXT 2010"]
[Source "ChessBase"]
[SourceDate "2010.11.25"]
[SourceVersion "1"]
[SourceVersionDate "2010.11.25"]
[SourceQuality "1"]
[WhiteTeam "Leipzig Gohlis II"]
[BlackTeam "Ebersbach"]
[WhiteTeamCountry "GER"]
[BlackTeamCountry "GER"]

1. e4 c5 2. Nc3 e6 3. Nf3 a6 4. g3 Nc6 5. Bg2 d6 6. 0-0 Nge7 7. d3 g6 8. Bg5 Bg7 9. Qd2 h6 10. Be3 Nd4 11. Bxd4 cxd4 12. Ne2 e5 13. c3 dxc3 14. bxc3 0-0 15. a4 Be6 16. Qb2 Rb8 17. Rfb1 d5 18. d4 dxe4 19. Nxe5 f6 20. Nf4 Bf5 21. Nc4 g5 22. Ne2 e3 23. Rf1 exf2+ 24. Rxf2 b5 25. axb5 axb5 26. Na5 Bd3 27. Qa2+ Kh8 28. Nc1 Bg6 29. Nb7 Qc7 30. Nc5 Bf7 31. Qa7 Qxa7 32. Rxa7 Rfe8 33. Re2 Bf8 34. Nd7 Bc4 35. Nxb8 Bxe2 36. Nd7 Nc8 37. Ra8 Bc4 38. Nxf8 Re1+ 39. Kf2 Rxc1 40. Be4 f5 41. Bxf5 Rf1+ 42. Kg2 Rxf5 43. Rxc8 Bf1+ 44. Kg1 Bh3 45. Ne6+ Kh7 46. Rf8 Rxf8 47. Nxf8+ Kg7 48. Kf2 Kxf8 49. Kf3 Ke7 50. Ke4 Ke6 0-1

[Event "Oberliga Ost-A 0809"]
[Site "Germany"]
[Date "2009.03.28"]
[Round "10.4"]
[White "Graf, Roland"]
[Black "Schoetzig, Andreas"]
[Result "1/2-1/2"]
[WhiteElo "2208"]
[BlackElo "2208"]
[PlyCount "39"]
[EventDate "2008.10.12"]
[EventType "team-tourn"]
[EventRounds "11"]
[EventCountry "GER"]
[SourceTitle "EXT 2010"]
[Source "ChessBase"]
[SourceDate "2010.11.25"]
[SourceVersion "1"]
[SourceVersionDate "2010.11.25"]
[SourceQuality "1"]
[WhiteTeam "Hoyerswerda"]
[BlackTeam "Leipzig Gohlis II"]
[WhiteTeamCountry "GER"]
[BlackTeamCountry "GER"]

1. d4 Nf6 2. Bf4 d5 3. e3 Bf5 4. Nf3 c6 5. c4 Nbd7 6. Nc3 e6 7. Qb3 Qb6 8. c5 Qxb3 9. axb3 Nh5 10. Bg3 Nxg3 11. hxg3 a6 12. b4 Rb8 13. Nh4 Be7 14. f3 h5 15. Nxf5 exf5 16. Bd3 g6 17. Kd2 Bf6 18. Nd1 Nf8 19. Nf2 Ne6 20. Nh3 1/2-1/2

[Event "Oberliga Ost-A 0809"]
[Site "Germany"]
[Date "2009.01.18"]
[Round "5.4"]
[White "Schoetzig, Andreas"]
[Black "Heyder, Florian"]
[Result "1/2-1/2"]
[WhiteElo "2208"]
[BlackElo "2095"]
[PlyCount "39"]
[EventDate "2008.10.12"]
[EventType "team-tourn"]
[EventRounds "11"]
[EventCountry "GER"]
[SourceTitle "EXT 2010"]
[Source "ChessBase"]
[SourceDate "2010.11.25"]
[SourceVersion "1"]
[SourceVersionDate "2010.11.25"]
[SourceQuality "1"]
[WhiteTeam "Leipzig Gohlis II"]
[BlackTeam "Halle USV"]
[WhiteTeamCountry "GER"]
[BlackTeamCountry "GER"]

1. e4 c5 2. Nc3 a6 3. a4 e6 4. Nf3 d6 5. g3 Nf6 6. Bg2 Be7 7. 0-0 Qc7 8. d3 Nc6 9. Bg5 0-0 10. Re1 Rb8 11. d4 cxd4 12. Nxd4 Bd7 13. Nxc6 Bxc6 14. Qd3 h6 15. Bf4 Nd7 16. Nd5 Bxd5 17. exd5 e5 18. Bd2 f5 19. Bh3 e4 20. Qc3 1/2-1/2

[Event "Oberliga Ost-A 0809"]
[Site "Germany"]
[Date "2008.11.29"]
[Round "2.4"]
[White "Schoetzig, Andreas"]
[Black "Bollmann, Henrik"]
[Result "0-1"]
[WhiteElo "2208"]
[BlackElo "2140"]
[PlyCount "96"]
[EventDate "2008.10.12"]
[EventType "team-tourn"]
[EventRounds "11"]
[EventCountry "GER"]
[SourceTitle "EXT 2010"]
[Source "ChessBase"]
[SourceDate "2010.11.25"]
[SourceVersion "1"]
[SourceVersionDate "2010.11.25"]
[SourceQuality "1"]
[WhiteTeam "Leipzig Gohlis II"]
[BlackTeam "Sangerhausen"]
[WhiteTeamCountry "GER"]
[BlackTeamCountry "GER"]

1. e4 c5 2. Nc3 e6 3. f4 a6 4. a4 Nc6 5. Nf3 d6 6. Bc4 g6 7. d3 Bg7 8. f5 Nge7 9. fxe6 Bxe6 10. Bxe6 fxe6 11. Ng5 Qd7 12. 0-0 Ne5 13. Be3 h6 14. Nf3 Ng4 15. Bd2 Nc6 16. h3 Nf6 17. Ne2 0-0 18. c3 Rac8 19. Be3 Kh7 20. Rb1 b5 21. axb5 axb5 22. Ra1 b4 23. Qe1 bxc3 24. bxc3 Ne5 25. Nxe5 dxe5 26. Qb1 Rfd8 27. Rd1 Rb8 28. Qc2 Rbc8 29. Rd2 Rc7 30. Ra5 Qc8 31. c4 Bf8 32. Nc3 Rcd7 33. Na4 Rc7 34. Qb2 Nd7 35. Nc3 Nf6 36. Nb5 Rcd7 37. Qxe5 Bg7 38. Qxe6 Qb8 39. Ra3 Qg3 40. Bf2 Qf4 41. Re2 Rxd3 42. Ra7 Rd1+ 43. Be1 R8d2 44. Rxg7+ Kxg7 45. Qe7+ Kg8 46. Qe6+ Kf8 47. Qc8+ Kg7 48. Qc7+ Qxc7 0-1

[Event "Oberliga Ost-A 0708"]
[Site "Germany"]
[Date "2008.03.09"]
[Round "8.4"]
[White "Schoetzig, Andreas"]
[Black "Rothe, Guido"]
[Result "1/2-1/2"]
[WhiteElo "2207"]
[BlackElo "2235"]
[PlyCount "82"]
[EventDate "2007.09.23"]
[EventType "team-tourn"]
[EventRounds "11"]
[EventCountry "GER"]
[SourceTitle "EXT 2009"]
[Source "ChessBase"]
[SourceDate "2008.11.26"]
[SourceVersion "1"]
[SourceVersionDate "2008.11.26"]
[SourceQuality "1"]
[WhiteTeam "Leipzig Gohlis II"]
[BlackTeam "Magdeburg Aufbau Elbe"]
[WhiteTeamCountry "GER"]
[BlackTeamCountry "GER"]

1. e4 g6 2. d4 d6 3. Nc3 Bg7 4. f4 a6 5. Nf3 b5 6. a4 b4 7. Nb1 Bb7 8. Bd3 c5 9. dxc5 dxc5 10. e5 Nh6 11. Be3 f6 12. Nbd2 Qc7 13. Nc4 Ng4 14. exf6 Bxf6 15. Qe2 0-0 16. Bd2 e5 17. Nfxe5 Nxe5 18. Nxe5 Nc6 19. 0-0-0 Nxe5 20. fxe5 Qxe5 21. Qxe5 Bxe5 22. Rde1 Rae8 23. Bh6 Bf4+ 24. Bxf4 Rxe1+ 25. Rxe1 Rxf4 26. g3 Rf2 27. Re7 Bc6 28. Bxa6 Bxa4 29. Re2 Rxe2 30. Bxe2 Kf7 31. Kd2 Ke6 32. c3 Ke5 33. Ke3 Bc2 34. Bc4 Be4 35. Bb5 Bd5 36. Be2 bxc3 37. bxc3 Kf5 38. Bb5 h5 39. Bd3+ Kf6 40. h4 g5 41. Be2 g4 1/2-1/2

[Event "Oberliga Ost-A 0708"]
[Site "Germany"]
[Date "2008.01.20"]
[Round "7.6"]
[White "Schoetzig, Andreas"]
[Black "Muekke, Jens Frieder"]
[Result "1/2-1/2"]
[WhiteElo "2207"]
[BlackElo "2021"]
[PlyCount "42"]
[EventDate "2007.09.23"]
[EventType "team-tourn"]
[EventRounds "11"]
[EventCountry "GER"]
[SourceTitle "EXT 2009"]
[Source "ChessBase"]
[SourceDate "2008.11.26"]
[SourceVersion "1"]
[SourceVersionDate "2008.11.26"]
[SourceQuality "1"]
[WhiteTeam "Leipzig Gohlis II"]
[BlackTeam "Naumburg"]
[WhiteTeamCountry "GER"]
[BlackTeamCountry "GER"]

1. e4 e6 2. d4 d5 3. exd5 exd5 4. Bd3 Bd6 5. Nc3 Ne7 6. Qh5 Nbc6 7. Nf3 Be6 8. 0-0 Qd7 9. h3 h6 10. Nb5 0-0-0 11. c3 g5 12. Nxd6+ Qxd6 13. Re1 Rdg8 14. Ne5 Nxe5 15. Rxe5 Ng6 16. Re1 Qd7 17. Qf3 Nh4 18. Qg3 Nf5 19. Qe5 Nh4 20. Qg3 Nf5 21. Qe5 Nh4 1/2-1/2

[Event "Oberliga Ost-A 0708"]
[Site "Germany"]
[Date "2007.11.04"]
[Round "3.4"]
[White "Schoetzig, Andreas"]
[Black "Neukirch, Detlef"]
[Result "1-0"]
[WhiteElo "2207"]
[BlackElo "2278"]
[PlyCount "65"]
[EventDate "2007.09.23"]
[EventType "team-tourn"]
[EventRounds "11"]
[EventCountry "GER"]
[SourceTitle "EXT 2009"]
[Source "ChessBase"]
[SourceDate "2008.11.26"]
[SourceVersion "1"]
[SourceVersionDate "2008.11.26"]
[SourceQuality "1"]
[WhiteTeam "Leipzig Gohlis II"]
[BlackTeam "Halle USV"]
[WhiteTeamCountry "GER"]
[BlackTeamCountry "GER"]

1. e4 c5 2. Nc3 Nc6 3. f4 g6 4. Nf3 Bg7 5. Bc4 e6 6. f5 Nge7 7. fxe6 dxe6 8. d3 0-0 9. 0-0 Na5 10. Bb3 Nxb3 11. axb3 Nc6 12. Bg5 f6 13. Be3 Nd4 14. Ne2 e5 15. c3 Nxf3+ 16. Rxf3 b6 17. Qd2 Rf7 18. Rd1 Be6 19. c4 Bg4 20. Rg3 Qd7 21. h3 Bh5 22. Re1 Rd8 23. Bh6 f5 24. Bxg7 Kxg7 25. exf5 Qxf5 26. Nc3 Rd4 27. Rge3 Rf4 28. Rxe5 Qf6 29. Nd5 Rf1+ 30. Kh2 Qd6 31. Rxf1 Rxf1 32. Qg5 Re1 33. Ne3 1-0

[Event "Oberliga Ost-A 0708"]
[Site "Germany"]
[Date "2007.11.03"]
[Round "2.5"]
[White "Schoetzig, Andreas"]
[Black "Hentzgen, Thomas"]
[Result "1-0"]
[WhiteElo "2207"]
[BlackElo "2061"]
[PlyCount "101"]
[EventDate "2007.09.23"]
[EventType "team-tourn"]
[EventRounds "11"]
[EventCountry "GER"]
[SourceTitle "EXT 2009"]
[Source "ChessBase"]
[SourceDate "2008.11.26"]
[SourceVersion "1"]
[SourceVersionDate "2008.11.26"]
[SourceQuality "1"]
[WhiteTeam "Leipzig Gohlis II"]
[BlackTeam "Halle USV II"]
[WhiteTeamCountry "GER"]
[BlackTeamCountry "GER"]

1. e4 c5 2. Nc3 Nc6 3. f4 g6 4. Nf3 Bg7 5. Bc4 d6 6. 0-0 e6 7. f5 Nd4 8. fxe6 Bxe6 9. Bxe6 fxe6 10. d3 Nh6 11. Ng5 Qd7 12. Ne2 Nxe2+ 13. Qxe2 0-0-0 14. c3 Rde8 15. Be3 Kb8 16. Rf2 Re7 17. Raf1 b6 18. h3 Ka8 19. Qd2 e5 20. c4 Kb7 21. Rf3 Kc8 22. Qf2 a6 23. b3 Kc7 24. Qh4 Kc8 25. R3f2 Kb8 26. Nf3 Nf7 27. Nh2 Nd8 28. Bg5 Rf7 29. Bxd8 Rxf2 30. Rxf2 Qxd8 31. Qxd8+ Rxd8 32. Rf7 Rg8 33. Rd7 Bf8 34. Rxh7 b5 35. Rf7 bxc4 36. bxc4 Bh6 37. Ng4 Bd2 38. Rd7 Bc3 39. Rxd6 Bd4+ 40. Kf1 Kb7 41. Ke2 Ka7 42. h4 a5 43. Re6 Rb8 44. Rxg6 Rb2+ 45. Kf3 Rxa2 46. h5 a4 47. h6 a3 48. h7 Rxg2 49. h8Q a2 50. Qh7+ Kb8 51. Rg8# 1-0

[Event "Oberliga Ost-A 0607"]
[Site "Germany"]
[Date "2006.12.10"]
[Round "4.7"]
[White "Erbs, Susan"]
[Black "Schoetzig, Andreas"]
[Result "1/2-1/2"]
[WhiteElo "2013"]
[BlackElo "2216"]
[PlyCount "39"]
[EventDate "2006.10.15"]
[EventType "team-tourn"]
[EventRounds "11"]
[EventCountry "GER"]
[SourceTitle "EXT 2008"]
[Source "ChessBase"]
[SourceDate "2007.11.25"]
[SourceVersion "1"]
[SourceVersionDate "2007.11.25"]
[SourceQuality "1"]
[WhiteTeam "Magdeburg Aufbau Elbe"]
[BlackTeam "Leipzig Gohlis II"]
[WhiteTeamCountry "GER"]
[BlackTeamCountry "GER"]

1. e4 e5 2. Nf3 Nc6 3. Bc4 Nf6 4. d4 exd4 5. e5 d5 6. Bb5 Ne4 7. Nxd4 Bd7 8. Bxc6 bxc6 9. c3 Bc5 10. 0-0 Qh4 11. Be3 0-0 12. Nd2 Nxd2 13. Qxd2 f6 14. e6 Bxd4 15. e7 Rfe8 16. Qxd4 Qxd4 17. Bxd4 Rxe7 18. Rfe1 Rxe1+ 19. Rxe1 Kf7 20. b4 1/2-1/2

[Event "Oberliga Ost-A 0607"]
[Site "Germany"]
[Date "2006.11.18"]
[Round "2.7"]
[White "Hoerr, Matthias"]
[Black "Schoetzig, Andreas"]
[Result "1/2-1/2"]
[WhiteElo "2113"]
[BlackElo "2216"]
[PlyCount "56"]
[EventDate "2006.10.15"]
[EventType "team-tourn"]
[EventRounds "11"]
[EventCountry "GER"]
[SourceTitle "EXT 2008"]
[Source "ChessBase"]
[SourceDate "2007.11.25"]
[SourceVersion "1"]
[SourceVersionDate "2007.11.25"]
[SourceQuality "1"]
[WhiteTeam "Plauen Koenig"]
[BlackTeam "Leipzig Gohlis II"]
[WhiteTeamCountry "GER"]
[BlackTeamCountry "GER"]

1. e4 d5 2. exd5 Nf6 3. d4 Nxd5 4. c4 Nb6 5. Be3 e5 6. Nf3 exd4 7. Qxd4 Qxd4 8. Nxd4 Be7 9. Nc3 0-0 10. Be2 c5 11. Ndb5 Na6 12. 0-0-0 Bd7 13. Na4 Bc6 14. Nxb6 axb6 15. Rhg1 Rad8 16. g3 Rxd1+ 17. Rxd1 Rd8 18. Bf4 Rxd1+ 19. Kxd1 Bf6 20. Kc1 Kf8 21. Na7 Bd4 22. Nxc6 bxc6 23. a3 Ke8 24. Kc2 Bxf2 25. Bf3 Kd7 26. Bg4+ Kd8 27. Bf3 Kd7 28. Bg4+ Kd8 1/2-1/2

[Event "Oberliga Ost-A 0001"]
[Site "Germany"]
[Date "2001.04.01"]
[Round "9.4"]
[White "Schoetzig, Andreas"]
[Black "Dexter, Daniel"]
[Result "1-0"]
[WhiteElo "2168"]
[BlackElo "2173"]
[PlyCount "83"]
[EventDate "2000.10.15"]
[EventType "team"]
[EventRounds "11"]
[EventCountry "GER"]
[SourceTitle "EXT 2002"]
[Source "ChessBase"]
[SourceDate "2001.11.25"]
[SourceVersion "1"]
[SourceVersionDate "2001.11.25"]
[SourceQuality "1"]
[WhiteTeam "Leipzig Gohlis III"]
[BlackTeam "Merseburg"]
[WhiteTeamCountry "GER"]
[BlackTeamCountry "GER"]

1. e4 d6 2. d4 Nf6 3. Nc3 g6 4. f4 Bg7 5. Nf3 c5 6. dxc5 Qa5 7. Qd2 Qxc5 8. Qe3 Nbd7 9. Bd3 0-0 10. Qe2 a6 11. a3 b5 12. Be3 Qc7 13. 0-0 Bb7 14. f5 Nc5 15. fxg6 hxg6 16. Bd2 d5 17. e5 Nfe4 18. Rae1 Bxe5 19. Nxe5 Qxe5 20. Bh6 Qd4+ 21. Kh1 Qh8 22. Bxe4 Nxe4 23. Nxe4 Qxh6 24. Nc5 Bc6 25. Qxe7 Rae8 26. Qf6 Rxe1 27. Rxe1 Qd2 28. Rf1 Ba8 29. Ne6 Qh6 30. Nxf8 Qxf8 31. Qxa6 Qe8 32. Qf6 Bc6 33. h3 Bd7 34. Rf4 Qe6 35. Qd4 g5 36. Rf6 Qe1+ 37. Kh2 g4 38. Qf4 Be6 39. Rh6 Kf8 40. hxg4 Qe2 41. g5 Ke8 42. Qd6 1-0

[Event "Oberliga Ost-A 9900"]
[Site "Germany"]
[Date "2000.01.09"]
[Round "5.5"]
[White "Schirrmeister, Ralf"]
[Black "Schoetzig, Andreas"]
[Result "1-0"]
[WhiteElo "2201"]
[BlackElo "2131"]
[PlyCount "97"]
[EventDate "1999.10.??"]
[EventType "team"]
[EventRounds "11"]
[EventCountry "GER"]
[SourceTitle "EXT 2002"]
[Source "ChessBase"]
[SourceDate "2001.11.25"]
[SourceVersion "1"]
[SourceVersionDate "2001.11.25"]
[SourceQuality "1"]

1. Nf3 d5 2. d4 Nf6 3. Bg5 e6 4. e3 Nbd7 5. Be2 Be7 6. 0-0 Ne4 7. Bxe7 Qxe7 8. c4 0-0 9. Nc3 Nxc3 10. bxc3 b6 11. cxd5 exd5 12. Qc2 Bb7 13. a4 c5 14. Qf5 g6 15. Qg5 Qxg5 16. Nxg5 Rfc8 17. Rfb1 cxd4 18. cxd4 Rc2 19. Bb5 Nf6 20. h3 Rc3 21. Bf1 h6 22. Nf3 Ne4 23. a5 Rc6 24. axb6 axb6 25. Rxa8+ Bxa8 26. Ne5 Rf6 27. Rc1 Kg7 28. Rc8 Bb7 29. Rc7 Ba8 30. Ba6 b5 31. Bxb5 Nd6 32. Bd7 h5 33. f4 Nc4 34. Ra7 Nxe3 35. Rxa8 Rxf4 36. Nf3 Nc2 37. Ra4 g5 38. Nxg5 Nxd4 39. g3 Nf3+ 40. Nxf3 Rxf3 41. Kg2 Rd3 42. Rf4 Rd2+ 43. Rf2 Rxf2+ 44. Kxf2 Kf6 45. Kf3 h4 46. g4 Ke5 47. Bf5 Kf6 48. Kf4 d4 49. g5+ 1-0

[Event "Oberliga Ost-A 9900"]
[Site "Germany"]
[Date "1999.11.07"]
[Round "3.6"]
[White "Scheurer, Ulf"]
[Black "Schoetzig, Andreas"]
[Result "1/2-1/2"]
[WhiteElo "2130"]
[BlackElo "2131"]
[PlyCount "47"]
[EventDate "1999.10.??"]
[EventType "team"]
[EventRounds "11"]
[EventCountry "GER"]
[SourceTitle "EXT 2002"]
[Source "ChessBase"]
[SourceDate "2001.11.25"]
[SourceVersion "1"]
[SourceVersionDate "2001.11.25"]
[SourceQuality "1"]

1. e4 e5 2. Nf3 Nc6 3. d4 exd4 4. Nxd4 Nxd4 5. Qxd4 Qf6 6. e5 Qb6 7. Be3 Qxd4 8. Bxd4 Ne7 9. a3 Nc6 10. Bc3 b6 11. Bc4 Bb7 12. 0-0 Be7 13. Nd2 0-0 14. Rad1 Rad8 15. Bd5 d6 16. exd6 Rxd6 17. Nc4 Rdd8 18. Ne3 Rfe8 19. Bf3 Rxd1 20. Rxd1 Rd8 21. Rxd8+ Nxd8 22. Bxb7 Nxb7 23. Be5 Bd6 24. Bxd6 1/2-1/2